| 000 | 00510nam a2200157Ia 4500 | ||
|---|---|---|---|
| 008 | 230718s9999 xx 000 0 und d | ||
| 041 | _aeng | ||
| 082 |
_a621.395 _bLIU |
||
| 100 | _aLiu K.J.R. | ||
| 245 |
_aHigh-Performance VLSI Signal Processing Innovative Architectures And Algorithms Vol.2 _bSystem Design And Applications |
||
| 260 |
_c1998 _bIEE Press |
||
| 300 |
_a681 _dRef 1140 E ME (32393) |
||
| 365 |
_cRs. _b8448.00 |
||
| 700 | _aLiu K.J.R. & Yao K. | ||
| 906 |
_dB:740719-Jan-2009 _cME ETC _b1689.6 |
||
| 999 |
_c321186 _d321186 |
||